000 00513nam a2200157 4500
001 53277
003 ES-MaACL
007 t|
008 950302s1840 fr ||||1| fre d
040 _aEUS
_bspa
_cEUS
100 1 _aDureau de La Malle, Adolphe.
_946285
245 1 0 _aEconomie politique des romains /
_cpar Dureau de la Malle.
260 _aParis :
_bChez L. Hachette, Libraire de l'Université Royale de France,
_c1840 (
_fImprimerie de E. Duverger)
300 _a2 v. ;
_c23 cm.
852 _aES-MaACL
_jG-12107-8
999 _c53277
_d53277